Environmental economics

Αποθηκεύτηκε σε:
Λεπτομέρειες βιβλιογραφικής εγγραφής
Κύριος συγγραφέας: Kolstad, Charles D.
Μορφή: Βιβλίο
Γλώσσα:English
Δημοσίευση: New York : Oxford University Press, 2000
Θέματα:
Ετικέτες: Προσθήκη ετικέτας
Δεν υπάρχουν, Καταχωρήστε ετικέτα πρώτοι!

MARC

LEADER 00000nam a2200000 i 4500
001 1/97516
008 991222s2000 eng d
020 |a 0-19-511954-1 
035 |l 10056164 
040 |a GR-MY-UA  |b gre  |e aacr 
041 0 |a eng 
082 0 |a 333.7 
100 1 |a Kolstad, Charles D. 
245 1 0 |a Environmental economics /  |c Charles D. Kolstad 
260 |a New York :   |b Oxford University Press,   |c 2000 
300 |a 396 p. 
504 |a Includes bibliographical references and index 
650 0 0 |a Environmental economics. 
852 |a INST  |b LESVOS  |e 19991222  |h 333.7 KOL  |p 005100022499  |q 005100022499  |t BK  |y 0 
901 |a BIBL1-2000-1 
909 |a Λ  |b 071444 
922 |a 1ΕΛΗ  |b 199912  |c ΚΠΣ/ΠΜΣ  |d ΠΑΠΑΣΩΤΗΡΙΟΥ 
950 |a 157-1999-10-15 
970 |a ΚΑΜΑΤΣΟΥ  |b ΔΕΣΠΟΙΝΑ  |z 2000/02/03